| 000 | 00845nas a2200253Ia 4500 | ||
|---|---|---|---|
| 001 | R142/77667 | ||
| 003 | IT-RoPAU | ||
| 008 | 151124c99999999xx |||||||||||| ||und|| | ||
| 040 | _aIT-RoPAU | ||
| 040 | _cIT-RoPAU | ||
| 041 | _aFRANCESE | ||
| 100 |
_aLinhart Daniele _gCodice Aut. SPICS: 37380 |
||
| 210 | _aRESEAUX | ||
| 222 | _aReseaux | ||
| 245 |
_aRESEAUX, N.041 (MAGGIO/GIUGNO 1990) _bQuels Changements Dans L'Entreprise? |
||
| 250 | _a1a ed. | ||
| 260 |
_aPARIS _bCNET _c1990 |
||
| 501 |
_bPaulus - SPICS - Società San Paolo EM (non-commercial uses only) _cCopyright2015 |
||
| 300 | _a18 p. [75-92] | ||
| 362 | _aN.041 (MAGGIO/GIUGNO 1990) | ||
| 500 | _aQuali Cambiamenti Nelle Imprese? Strategia del Grande Balzo. Verso una Omogenizzazione degli Attori? | ||
| 650 |
_aCOMUNICAZIONE _vPUBBLICAZIONE PERIODICA |
||
| 942 | _cCR | ||
| 999 |
_c190834 _d190834 |
||